| 000 | 01795nim a22004215a 4500 | ||
|---|---|---|---|
| 001 | 3067570 | ||
| 005 | 20201123135154.0 | ||
| 007 | sd fmngnnmmned | ||
| 008 | 201103s2020 xxu n j eng d | ||
| 020 |
_a9781094194622 : _c$44.99 |
||
| 024 | 1 |
_a9781094194622 _c44.99 |
|
| 028 | 4 | 2 | _a13369865 |
| 035 | _a(MWT)on1183953198 | ||
| 037 | _a13369865 | ||
| 040 |
_aMidwest _erda |
||
| 092 |
_ajunior audiobook _bDisney |
||
| 245 | 1 | 0 |
_a365 Frozen Stories _h[sound recording]. |
| 250 | _aUnabridged. | ||
| 260 |
_a[United States] : _bBlackstone Audio, Inc., _c2020. |
||
| 264 |
_aOregon : _bBlackstone Publishing; _c2020 |
||
| 300 |
_a13 sound discs (1020 min.) : _bdigital ; _c4 3/4 in. |
||
| 306 | _a102000 | ||
| 336 | _aspoken word | ||
| 337 | _aaudio | ||
| 338 | _aaudio disc | ||
| 500 | _aCompact disc. | ||
| 511 | 1 | _aRead by Andrew Eiden. | |
| 520 | _aExperience the magic of Arendelle and beyond with Anna, Elsa, and all your other favorite Frozen and Frozen 2 characters. In this audiobook, Olaf and Kristoff complete a daring rescue mission; Sven hides around the castle to avoid bath time; Elsa and Anna travel to a faraway desert kingdom; and all the friends have many, many more adventures. With one story for every day of the year, this book is perfect for bedtime, storytime, or any time! | ||
| 650 | 4 |
_aFantasy. _96387090 |
|
| 650 | 4 |
_aAction / Adventure. _96387091 |
|
| 650 | 4 |
_aShort Story Collections. _96262835 |
|
| 650 | 4 |
_aMovie Tie-In. _95948068 |
|
| 655 | 4 |
_aAudiobooks. _96387092 |
|
| 655 | 4 |
_aChildren's. _96387093 |
|
| 700 | 1 |
_aEiden, Andrew _95923697 |
|
| 856 | 7 |
_3View cover art _uhttp://midwesttapes.com/images/movies/000/000/000/013/369/000000000013369865.jpg _2http |
|
| 942 |
_2ddc _cAUDIOBOOK |
||
| 999 |
_c355904 _d355904 |
||